Grootste rivieren / wateren in Nederland (Biggest rivers / waters of the Netherlands) - Statistieken

Algemene statistieken
  • Deze quiz is 409 keer genomen
    400 sinds de laatste reset
  • De gemiddelde score is 10 van 21
Antwoordstatistieken
Hint Antwoord % Correct
zee / sea Noordzee
96%
Rivier / River Rijn
96%
Rivier / River Maas
92%
Rivier / River IJssel
89%
Meer / Lake IJsselmeer
89%
Rivier / River Waal
81%
zee / sea Waddenzee
81%
Meer / Lake Markermeer
56%
Zeearm / Estuary Oosterschelde
56%
Zeearm / Estuary Westerschelde
56%
Meer / Lake Veluwemeer
32%
Zeearm / Estuary Haringvliet
22%
Zeearm / Estuary Grevelingen
19%
Zeearm / Estuary Eems
18%
Meer / Lake Gooimeer
18%
Meer / Lake Tjeukemeer
18%
Meer / Lake Ketelmeer
16%
Meer / Lake Zwarte Meer
10%
Meer / Lake Fluessen
8%
Meer / Lake Slotermeer
8%
Meer / Lake Naardermeer
4%
Geen overeenkomende quizzen gevonden
Scoreverdeling
Procent van Mensen met Elke Score
Percentiel versus Aantal Correcte Antwoorden
Uw Scoregeschiedenis
U heeft deze quiz nog niet genomen sinds de laatste reset